000 00300nam a22001457a 4500
020 _a978-0078447853
041 _aENG
100 _aHolman.J.P
245 _aHeat Transfer
250 _a4rth End
260 _aNew Delhi
_bTata McGraw Hill
_c2003
300 _a696
650 _aAPE
856 _uAPE ( 2 )
999 _c451
_d451